Normal view
MARC view
- روشكا،الكسندر ، ابو فخر،غسان عبد الحي/ترجمة
Entry Personal Name
001 - CONTROL NUMBER
- control field: 15443
003 - CONTROL NUMBER IDENTIFIER
- control field: JO-AjAnu
005 - DATE AND TIME OF LATEST TRANSACTION
- control field: 20230606072750.0
008 - FIXED-LENGTH DATA ELEMENTS
- fixed length control field: 230606|| aca||aabn | a|a d
040 ## - CATALOGING SOURCE
- Original cataloging agency: JO-AjAnu
- Transcribing agency: JO-AjAnu
100 ## - HEADING--PERSONAL NAME
- Personal name: روشكا،الكسندر ، ابو فخر،غسان عبد الحي/ترجمة
670 ## - SOURCE DATA FOUND
- Source citation: Work cat.: (JO-AjAnu)7931: روشكا،الكسندر ، ابو فخر،غسان عبد الحي/ترجمة, author, نمو الذكاء والابداع عند الاطفال :الابداع والشخصية ، الشخصية المبدعة ودور العوامل العقلية